000 00779nam a2200157 a 4500
001 000016715
005 20200929164942.0
008 100310s1949 dr r 001 0 spa d
040 _aDO-SdBNP
_bspa
_cBNPHU
082 _axxxx
_bM548m
110 1 _aSupremo Consejo del Grado 33
_937074
245 1 0 _aViaje hacia adentro :
_bmensaje de la masoneria.
260 _aCiudad Trujillo, República Dominicana :
_bMontalvo,
_c1949.
300 _a[14 p. ;
_c20 cm.
505 0 _aDiscurso pronunciado por el soberano gran comendador del supremo consejo del grado 33 para la jurisdicción de la República Dominicana, con motivo de la adjudición de la medalla y premio masónicos en las escuelas normales de Ciudad Trujillo, en el acto de investidura de maestros normalistas y bachilleres, 1949
999 _c16247
_d16247